=LDR 00000nam 2200000 4500 =001 INLIS000000000023717 =005 20140326113817.0 =006 =007 =008 Ind =035 ##$$a 0010-061300000023717 =041 ##$$a Ind =082 ##$$a 658 =090 ##$$a 658, Tri m =100 ##$$a Tripomo, Tedjo =245 ##$$a Manajemen Strategi, Tedjo Tripomo =260 ##$$a 2005 $b Bandung =300 ##$$a 242 hlm, 24 cm =650 ##$$a Manajemen exskutif =850 ##$$a NBPNMAT =990 ##$$a 21400613/BPAP-NTB/20142014 =990 ##$$a 21400613/BPAP-NTB/20142014